| 000 | 00854nam a22002177a 4500 | ||
|---|---|---|---|
| 999 |
_c10030 _d10030 |
||
| 003 | AR-CdUCM | ||
| 008 | 190329b ||||| |||| 00| 0 spa d | ||
| 040 |
_aMUNICIPALIDAD PROVINCIAL DEL CUSCO _cBIBLIOTECA MUNICIPAL DEL CUSCO |
||
| 082 |
_22ed. _a129 / _bR81 / 1944 |
||
| 100 |
_aRomero, Francisco _910711 |
||
| 245 |
_aFilosofía contemporánea : _bestudios y notas / |
||
| 260 |
_aBuenos Aires : _bEdit. Losada, _c1944. |
||
| 300 |
_a208 paginas ; _c20 cm. |
||
| 505 | _aContenido : Un filosofo de la problematicidad -- Temperalismo -- Dos concepciones de la realidad -- Descartes y Husserl --Perdida y recuperación del sujeto en Husserl... | ||
| 650 |
_aFilosofos _9827 |
||
| 650 |
_aTemperalismo _926637 |
||
| 650 |
_aProblemas de la filosofía _926638 |
||
| 650 |
_aFilosofía de la cultura _925787 |
||
| 942 |
_2ddc _cLIBROS |
||
| 945 | _awnts | ||